[Event "29th 4NCL Congress"]
[Site "Harrogate"]
[Date "2023.01.22"]
[Round "4"]
[Board "1"]
[White "Wells, Peter K"]
[Black "Davies, Nigel R"]
[Result "1/2-1/2"]
[WhiteElo "2402"]
[BlackElo "2422"]
[PlyCount "33"]
[EventDate "2023.01.20"]
[EventRounds "5"]
[EventCountry "ENG"]

1. d4 d6 2. Nf3 g6 3. c4 Nf6 4. Nc3 Bf5 5. g3 Bg7 6. Bg2 c6 7. O-O O-O 8. b3 Ne4
9. Bb2 Nxc3 10. Bxc3 Be4 11. Qd2 d5 12. Rac1 Nd7 13. cxd5 Bxd5 14. Qf4 Nf6 15. Rfe1
Ne4 16. Bb2 f5 17. h4  1/2-1/2

[Event "29th 4NCL Congress"]
[Site "Harrogate"]
[Date "2023.01.22"]
[Round "4"]
[Board "2"]
[White "Townsend, M Paul"]
[Black "Wall, Tim P"]
[Result "1-0"]
[WhiteElo "2238"]
[BlackElo "2337"]
[PlyCount "65"]
[EventDate "2023.01.20"]
[EventRounds "5"]
[EventCountry "ENG"]

1. d4 Nf6 2. c4 c5 3. d5 b5 4. Qc2 bxc4 5. Nc3 g6 6. e4 d6 7. Bxc4 Bg7 8. Nf3 Nfd7
9. O-O O-O 10. b3 Nb6 11. Be2 a5 12. Bb2 Bd7 13. a4 Na6 14. Nb5 Nb4 15. Qd2 Bxb2
16. Qxb2 Bg4 17. Nfd4 Bxe2 18. Nxe2 Nd7 19. Rad1 Nf6 20. Nec3 Rc8 21. Qe2 Qb6 22.
Na3 Rfe8 23. Nc4 Qa6 24. Nb5 Nd7 25. f4 Nb6 26. f5 Nd7 27. Qf2 Rf8 28. Qh4 Rce8 29.
Nc7 Qa7 30. Nxe8 Rxe8 31. fxg6 fxg6 32. Qg4 Nf8 33. Qf3  1-0

[Event "29th 4NCL Congress"]
[Site "Harrogate"]
[Date "2023.01.22"]
[Round "4"]
[Board "3"]
[White "Jones, Steven A"]
[Black "Southcott-Moyers, Indy"]
[Result "1/2-1/2"]
[WhiteElo "2291"]
[BlackElo "2139"]
[PlyCount "135"]
[EventDate "2023.01.20"]
[EventRounds "5"]
[EventCountry "ENG"]

1. e4 e5 2. Nf3 Nc6 3. Bb5 a6 4. Ba4 Nf6 5. O-O Be7 6. Re1 b5 7. Bb3 d6 8. c3 O-O
9. h3 Nb8 10. d4 Nbd7 11. Nbd2 Bb7 12. Bc2 Re8 13. Nf1 Bf8 14. Ng3 g6 15. a4 Bg7
16. Bd3 d5 17. Bg5 dxe4 18. Nxe4 exd4 19. cxd4 h6 20. Nxf6+ Nxf6 21. Rxe8+ Qxe8 22.
Bf4 Nd5 23. Bd2 Nb6 24. axb5 axb5 25. Rxa8 Bxa8 26. Ne5 Bxe5 27. dxe5 Qxe5 28. Qb3
Qd5 29. Qxd5 Bxd5 30. Bxb5 h5 31. Bd3 Kf8 32. Bb4+ Ke8 33. f3 Kd7 34. Kf2 Na4 35.
Ba3 Nb6 36. Bf8 Nc4 37. Bg7 Ke6 38. Bd4 Nd6 39. g4 hxg4 40. fxg4 f5 41. gxf5+ Nxf5
42. Bc5 Bh1 43. Bb4 Bd5 44. Bd2 Kf6 45. Bf4 c6 46. b4 Be6 47. Bd2 Bd5 48. Ba6 Nd6
49. Bf4 Bc4 50. Bxc4 Nxc4 51. Kf3 Nb6 52. Ke4 Ke6 53. Kd4 Nd7 54. h4 Kf5 55. Bg5
Ke6 56. Kc4 Ke5 57. Bh6 Ke6 58. Kd4 Kd6 59. Bf4+ Ke6 60. Ke4 Nf6+ 61. Kd4 Nd7 62.
Bd2 Kd6 63. Ke4 Ke6 64. Kf4 Nb6 65. Kg5 Kf7 66. Kf4 Ke6 67. Kg5 Kf7 68. Kf4  1/2-1/2

[Event "29th 4NCL Congress"]
[Site "Harrogate"]
[Date "2023.01.22"]
[Round "4"]
[Board "4"]
[White "Nicholson, Jim W R"]
[Black "Burnett, Andrew"]
[Result "1-0"]
[WhiteElo "2033"]
[BlackElo "2247"]
[PlyCount "79"]
[EventDate "2023.01.20"]
[EventRounds "5"]
[EventCountry "ENG"]

1. d4 Nf6 2. Nf3 g6 3. Bg5 Bg7 4. Nbd2 O-O 5. c3 d5 6. e3 Nbd7 7. Bd3 Re8 8. O-O
e5 9. e4 exd4 10. cxd4 h6 11. Bxf6 Nxf6 12. e5 Nh5 13. Rc1 c6 14. Re1 Nf4 15. Bb1
Qb6 16. Nb3 Bf8 17. Re3 a5 18. Nc5 Qxb2 19. Na4 Qb4 20. a3 Qb5 21. g3 Nh3+ 22. Kg2
Bg4 23. Bd3 Bxa3 24. Bxb5 Bxc1 25. Qxc1 cxb5 26. Nb6 Ra6 27. Nxd5 Kg7 28. Nc7 Rc8
29. Rc3 b4 30. Rc5 Rb6 31. e6 b3 32. Qb2 a4 33. d5+ f6 34. e7 Bd7 35. e8=Q Bxe8 36.
Nxe8+ Rxe8 37. Rc7+ Kh8 38. Kxh3 a3 39. Qxa3 b2 40. Nd2  1-0

[Event "29th 4NCL Congress"]
[Site "Harrogate"]
[Date "2023.01.22"]
[Round "4"]
[Board "5"]
[White "Arkell, Keith C"]
[Black "Stubbs, Oliver"]
[Result "1-0"]
[WhiteElo "2509"]
[BlackElo "2179"]
[PlyCount "111"]
[EventDate "2023.01.20"]
[EventRounds "5"]
[EventCountry "ENG"]

1. c4 Nf6 2. Nc3 g6 3. Nf3 Bg7 4. g3 d5 5. cxd5 Nxd5 6. Bg2 O-O 7. O-O Nc6 8. Nxd5
Qxd5 9. d3 Rd8 10. Qc2 Qb5 11. Bf4 Qxb2 12. Qxb2 Bxb2 13. Rab1 Bg7 14. Bxc7 Rd7 15.
Bf4 e5 16. Be3 Rc7 17. Rfc1 Bf5 18. Nd2 Rac8 19. Nc4 Nd8 20. Bxa7 Rxc4 21. dxc4 Bxb1
22. Rxb1 Rxc4 23. Bd5 Rc2 24. Bb6 Nc6 25. Be3 Nd8 26. a4 Rc7 27. Bb6 Rd7 28. e4 Ne6
29. Rc1 Bf8 30. Rc8 Kg7 31. Rb8 Bc5 32. Bxe6 Rd1+ 33. Kg2 Bxb6 34. Rxb7 Kf6 35. Bb3
Rd6 36. h4 g5 37. Rxf7+ Kg6 38. hxg5 Kxg5 39. Bd5 Kg6 40. Rb7 Bd4 41. Bf7+ Kg7 42.
a5 Rf6 43. Bc4+ Kg6 44. f3 Rc6 45. Bb5 Rc2+ 46. Kh3 h5 47. g4 hxg4+ 48. Kxg4 Rg2+
49. Kh3 Ra2 50. a6 Be3 51. Bc4 Rc2 52. Bb3 Rd2 53. a7 Bf4 54. Rg7+ Kf6 55. Rf7+ Kg5
56. Rxf4  1-0

[Event "29th 4NCL Congress"]
[Site "Harrogate"]
[Date "2023.01.22"]
[Round "4"]
[Board "6"]
[White "Shearsby, Jude"]
[Black "Williamson, Roger G"]
[Result "1/2-1/2"]
[WhiteElo "2065"]
[BlackElo "2215"]
[PlyCount "41"]
[EventDate "2023.01.20"]
[EventRounds "5"]
[EventCountry "ENG"]

1. e4 e5 2. Nf3 Nc6 3. Bb5 a6 4. Ba4 Nf6 5. O-O d6 6. Re1 Bd7 7. c3 g6 8. d4 Bg7
9. Nbd2 b5 10. Bc2 O-O 11. Nf1 h6 12. h3 Re8 13. Ng3 Na5 14. b3 c5 15. d5 c4 16.
b4 Nb7 17. Be3 a5 18. a3 Ra6 19. Qc1 Kh7 20. Qb2 Qc7 21. Nd2  1/2-1/2

[Event "29th 4NCL Congress"]
[Site "Harrogate"]
[Date "2023.01.22"]
[Round "4"]
[Board "7"]
[White "Burrows, Martin P"]
[Black "Head, Louise"]
[Result "1-0"]
[WhiteElo "2183"]
[BlackElo "2091"]
[PlyCount "77"]
[EventDate "2023.01.20"]
[EventRounds "5"]
[EventCountry "ENG"]

1. e4 c6 2. d4 d5 3. e5 c5 4. dxc5 e6 5. a3 Bxc5 6. Nf3 Ne7 7. b4 Bb6 8. Bd3 Ng6
9. O-O a5 10. b5 Nd7 11. Bb2 a4 12. Re1 Nc5 13. Bf1 O-O 14. Nbd2 Qe7 15. g3 Rd8 16.
Qe2 Bd7 17. Rab1 Be8 18. h4 h6 19. Nd4 Nd7 20. f4 Bc5 21. h5 Ngf8 22. Qf3 Nb6 23.
Kh2 Rac8 24. Bd3 Nc4 25. Bxc4 dxc4 26. Qe4 Rd5 27. N2f3 Bxd4 28. Nxd4 c3 29. Bc1
Rc4 30. Be3 Qd8 31. Rb4 Rxb4 32. axb4 Bxb5 33. f5 exf5 34. Nxf5 Bc6 35. Qg4 g6 36.
Nxh6+ Kh7 37. Nxf7 Qd7 38. e6 Nxe6 39. Qxg6#  1-0

[Event "29th 4NCL Congress"]
[Site "Harrogate"]
[Date "2023.01.22"]
[Round "4"]
[Board "8"]
[White "Longson, Sarah N"]
[Black "Walker, Martin G"]
[Result "1/2-1/2"]
[WhiteElo "2135"]
[BlackElo "2182"]
[PlyCount "84"]
[EventDate "2023.01.20"]
[EventRounds "5"]
[EventCountry "ENG"]

1. e4 Nf6 2. e5 Nd5 3. d4 d6 4. Nf3 g6 5. Bc4 Nb6 6. Bb3 Bg7 7. O-O O-O 8. exd6 cxd6
9. Bg5 Nc6 10. c3 Qc7 11. Re1 d5 12. a4 a5 13. h3 h6 14. Bh4 Bf5 15. Bg3 Qd7 16.
Nbd2 Rfe8 17. Qe2 e6 18. Nh4 Ne7 19. Be5 f6 20. Bh2 g5 21. Nxf5 Nxf5 22. Rad1 Nxa4
23. g4 Nh4 24. Nf1 f5 25. Bg3 Ng6 26. gxf5 exf5 27. Qf3 Nb6 28. Ne3 Ne7 29. Be5 Rac8
30. h4 f4 31. Bxg7 Kxg7 32. Ng4 Ng6 33. Ne5 Nxh4 34. Qh5 Qf5 35. Bc2 Qf6 36. Ng4
Nf3+ 37. Kf1 Qc6 38. Rxe8 Rxe8 39. Nxh6 Nh2+ 40. Kg1 Nf3+ 41. Kf1 Nh2+ 42. Kg1 Nf3+
 1/2-1/2

[Event "29th 4NCL Congress"]
[Site "Harrogate"]
[Date "2023.01.22"]
[Round "4"]
[Board "9"]
[White "Varley, Joe"]
[Black "Fava, Lorenzo"]
[Result "1-0"]
[WhiteElo "2024"]
[BlackElo "2177"]
[PlyCount "67"]
[EventDate "2023.01.20"]
[EventRounds "5"]
[EventCountry "ENG"]

1. e4 g6 2. d4 Bg7 3. Nf3 d6 4. Nc3 Nf6 5. h3 O-O 6. Bd3 Re8 7. O-O b6 8. e5 Nfd7
9. Ng5 Bb7 10. e6 fxe6 11. Nxe6 Qc8 12. Bc4 c6 13. Nc7+ d5 14. Nxe8 Qxe8 15. Be2
e5 16. dxe5 Nxe5 17. f4 Nf7 18. Re1 Nd6 19. Ba6 Nxa6 20. Rxe8+ Rxe8 21. Bd2 Nc5 22.
b4 Ne6 23. Qf1 Nc4 24. Qd3 Nb2 25. Qe2 Nc7 26. Qf2 d4 27. Re1 Rd8 28. Ne4 d3 29.
Bc3 Bxc3 30. Nxc3 d2 31. Re7 d1=Q+ 32. Nxd1 Nxd1 33. Qe2 Bc8 34. Rxc7  1-0

[Event "29th 4NCL Congress"]
[Site "Harrogate"]
[Date "2023.01.22"]
[Round "4"]
[Board "10"]
[White "Ther, Mate"]
[Black "McKay, Jonathan"]
[Result "1/2-1/2"]
[WhiteElo "2167"]
[BlackElo "2009"]
[PlyCount "105"]
[EventDate "2023.01.20"]
[EventRounds "5"]
[EventCountry "ENG"]

1. e4 c6 2. d4 d5 3. Nc3 dxe4 4. Nxe4 Bf5 5. Nc5 Nd7 6. Nxb7 Qc7 7. Nc5 Nxc5 8. dxc5
e6 9. Be3 Nf6 10. Nf3 Rd8 11. Bd3 Ng4 12. Bd4 Bxd3 13. Qxd3 Qa5+ 14. Qc3 Qxc3+ 15.
Bxc3 Bxc5 16. O-O O-O 17. h3 Nf6 18. Bxf6 gxf6 19. Rfe1 Rd5 20. Re4 f5 21. Rc4 Rfd8
22. Re1 Kg7 23. a3 a5 24. c3 Rc8 25. Kf1 Kf6 26. g3 Bb6 27. Rh4 Kg6 28. Ne5+ Kg7
29. Ra4 Rd2 30. Re2 Rd1+ 31. Kg2 Rcd8 32. Nc4 Bc7 33. Ne3 Rb1 34. Rc4 Rd6 35. a4
Bb6 36. b4 Ra1 37. b5 cxb5 38. axb5 Bxe3 39. fxe3 Rb1 40. Rc6 Rxc6 41. bxc6 Rb6 42.
Ra2 Rxc6 43. Rxa5 Rxc3 44. Kf3 Kg6 45. Ra6 Rc2 46. h4 Rh2 47. Rb6 Kf6 48. Ra6 Rd2
49. Rb6 Rd5 50. Ra6 Kg6 51. Rb6 Rd7 52. Ra6 Rd5 53. Rb6  1/2-1/2

[Event "29th 4NCL Congress"]
[Site "Harrogate"]
[Date "2023.01.22"]
[Round "4"]
[Board "11"]
[White "Mesesan, Mircea-Marius"]
[Black "Yu, Hongyi"]
[Result "0-1"]
[WhiteElo "1998"]
[BlackElo "2154"]
[PlyCount "106"]
[EventDate "2023.01.20"]
[EventRounds "5"]
[EventCountry "ENG"]

1. e4 d6 2. Nf3 Nf6 3. d3 g6 4. g3 Bg7 5. Bg2 O-O 6. O-O c6 7. Nbd2 e5 8. Re1 Qc7
9. c3 Nbd7 10. Nf1 b6 11. h4 a5 12. N1h2 Nc5 13. Be3 Ba6 14. Bxc5 dxc5 15. Qc2 Rad8
16. Bf1 Bc8 17. Be2 Ng4 18. Rac1 Nxh2 19. Kxh2 Rd6 20. Kg2 Rfd8 21. Rh1 h5 22. c4
Qe7 23. Qb3 Qc7 24. Nh2 Bh6 25. Rc3 Be6 26. Qc2 Qd7 27. Nf1 f5 28. f3 f4 29. Qd2
Kg7 30. Qe1 fxg3 31. Qxg3 Bf4 32. Qf2 Rd4 33. a4 Qe7 34. Ne3 Rg8 35. Rb3 Rb8 36.
Nc2 Rdd8 37. Bf1 g5 38. Be2 gxh4 39. Qxh4 Qxh4 40. Rxh4 Kh6 41. Kf2 Rg8 42. Rxf4
exf4 43. d4 cxd4 44. Nxd4 Bd7 45. Bd1 h4 46. Rd3 h3 47. Bc2 Rg2+ 48. Kf1 Rbg8 49.
Ne2 Rxe2 50. Kxe2 h2 51. Rd6+ Rg6 52. e5 Rxd6 53. exd6 h1=Q  0-1

[Event "29th 4NCL Congress"]
[Site "Harrogate"]
[Date "2023.01.22"]
[Round "4"]
[Board "12"]
[White "Chan, Sheng Liang Bernard"]
[Black "De Coverly, Roger D"]
[Result "1-0"]
[WhiteElo "2142"]
[BlackElo "1971"]
[PlyCount "115"]
[EventDate "2023.01.20"]
[EventRounds "5"]
[EventCountry "ENG"]

1. e4 e5 2. Nf3 Nc6 3. Bc4 Nf6 4. Ng5 d5 5. exd5 Na5 6. Bb5+ c6 7. dxc6 bxc6 8. Qf3
Rb8 9. Bxc6+ Nxc6 10. Qxc6+ Bd7 11. Qc4 Qe7 12. Nc3 h6 13. Nge4 Nxe4 14. Qxe4 Qc5
15. Qe3 f5 16. b3 Kf7 17. a4 Bc6 18. O-O f4 19. Qxc5 Bxc5 20. Ba3 Bd4 21. Rae1 f3
22. Ne4 fxg2 23. Kxg2 Rhe8 24. f3 Re6 25. Bc5 Bxe4 26. fxe4+ Kg8 27. Bxd4 exd4 28.
d3 Rc8 29. Rf2 a5 30. Ree2 Rc5 31. Kf1 g6 32. Ke1 Kg7 33. Rf3 Rg5 34. Kd2 Rc5 35.
Ref2 Re7 36. Rf6 Rd7 37. Rb6 Rg5 38. c3 dxc3+ 39. Kxc3 Rc5+ 40. Kd2 Rh5 41. Rb5 Rh3
42. Rd5 Rxd5 43. exd5 Rh5 44. d4 Rxd5 45. Kd3 Rd8 46. Rf3 g5 47. Kc4 Kg6 48. d5 g4
49. Rf2 h5 50. Kc5 h4 51. d6 Rc8+ 52. Kb6 Rc3 53. Rd2 Rxb3+ 54. Kxa5 Rb8 55. d7 Rd8
56. Kb6 g3 57. hxg3 hxg3 58. Kc7  1-0

[Event "29th 4NCL Congress"]
[Site "Harrogate"]
[Date "2023.01.22"]
[Round "4"]
[Board "13"]
[White "Erskine-Pereira, Jack"]
[Black "Surtees, Mike J"]
[Result "0-1"]
[WhiteElo "1978"]
[BlackElo "2138"]
[PlyCount "135"]
[EventDate "2023.01.20"]
[EventRounds "5"]
[EventCountry "ENG"]

1. d4 c6 2. Bf4 Qb6 3. b3 Nf6 4. e3 g5 5. Be5 Bg7 6. Bd3 d6 7. Bxf6 Bxf6 8. Nd2 d5
9. c3 Nd7 10. b4 a5 11. a3 Qa7 12. Nb3 b6 13. Ne2 Ba6 14. O-O Bxd3 15. Qxd3 Qa6 16.
Qxa6 Rxa6 17. bxa5 bxa5 18. a4 e6 19. Rfb1 Kd8 20. Nec1 Kc7 21. Nd3 Rb8 22. Rb2 Be7
23. Rab1 Raa8 24. Kf1 f6 25. Ke2 e5 26. f3 h5 27. e4 h4 28. h3 Bd6 29. Nd2 Rxb2 30.
Rxb2 Nb6 31. Ra2 Rb8 32. Kd1 exd4 33. cxd4 Nc4 34. Nxc4 dxc4 35. Nb2 c3 36. Nc4 Bb4
37. Kc2 Rd8 38. Kd3 Bc5 39. Kxc3 Bxd4+ 40. Kc2 Ra8 41. Ra3 Bc5 42. Rd3 Bb4 43. Ne3
Rd8 44. Rxd8 Kxd8 45. Kb3 Kd7 46. Kc4 Ke6 47. Nc2 Bd2 48. Nd4+ Ke5 49. Nxc6+ Kf4
50. Ne7 Kg3 51. Nd5 Kxg2 52. Nxf6 Kxh3 53. e5 Kg2 54. Nd5 h3 55. e6 h2 56. e7 h1=Q
57. e8=Q Qc1+ 58. Kd3 Bf4 59. Qe2+ Kg3 60. Nc3 Qg1 61. Ne4+ Kh3 62. Nf2+ Kh4 63.
Nd1 Bg3 64. Qe4+ Bf4 65. Ke2 Qc5 66. Nf2 Kg3 67. Nd1 Qg1 68. Qd3  0-1

[Event "29th 4NCL Congress"]
[Site "Harrogate"]
[Date "2023.01.22"]
[Round "4"]
[Board "14"]
[White "Kumar, Jamie"]
[Black "Eagleton, Greg T"]
[Result "1/2-1/2"]
[WhiteElo "1902"]
[BlackElo "2091"]
[PlyCount "83"]
[EventDate "2023.01.20"]
[EventRounds "5"]
[EventCountry "ENG"]

1. d4 Nf6 2. c4 c5 3. d5 b5 4. cxb5 a6 5. bxa6 g6 6. Nc3 Bxa6 7. Nf3 d6 8. g3 Bg7
9. Bg2 O-O 10. O-O Nbd7 11. Rb1 Ng4 12. Qc2 Qa5 13. Bd2 Bb7 14. b3 Bxc3 15. Bxc3
Qxa2 16. Rb2 Qa6 17. Qd2 Nge5 18. Qh6 Nxf3+ 19. Bxf3 Nf6 20. g4 e5 21. dxe6 fxe6
22. g5 Ne8 23. Bg4 d5 24. Be5 d4 25. Qh3 Ng7 26. Bxg7 Kxg7 27. Bxe6 Qc6 28. f3 Qd6
29. Bc4 Rf5 30. Qg3 Qe7 31. h4 Re5 32. Bd3 Bd5 33. Rc1 Re3 34. Rbc2 Bxf3 35. exf3
Rxd3 36. Rxc5 Qe3+ 37. Qf2 Qxf2+ 38. Kxf2 Rxb3 39. Rc7+ Kg8 40. Rc8+ Rxc8 41. Rxc8+
Kf7 42. Rd8  1/2-1/2

[Event "29th 4NCL Congress"]
[Site "Harrogate"]
[Date "2023.01.22"]
[Round "4"]
[Board "15"]
[White "Skettos, Nicolas"]
[Black "Booth, Steven B"]
[Result "0-1"]
[WhiteElo "2083"]
[BlackElo "1956"]
[PlyCount "102"]
[EventDate "2023.01.20"]
[EventRounds "5"]
[EventCountry "ENG"]

1. e4 c5 2. Nf3 d6 3. d4 cxd4 4. Nxd4 Nf6 5. Nc3 a6 6. Be3 e5 7. Nb3 Be6 8. f4 exf4
9. Bxf4 Nc6 10. Qe2 Be7 11. h3 Ne5 12. O-O-O Qc7 13. Kb1 O-O 14. g4 h6 15. g5 hxg5
16. Bxg5 b5 17. Qg2 b4 18. Nd5 Bxd5 19. exd5 Rfc8 20. Rg1 Ne8 21. Bf4 Bf6 22. Bxe5
Bxe5 23. Bd3 a5 24. Qe4 Nf6 25. Qg2 Nd7 26. Rde1 Bf6 27. Ref1 Qd8 28. Qe4 Ne5 29.
Nd4 Nxd3 30. Qxd3 Be5 31. Nc6 Qe8 32. Qf5 Rxc6 33. dxc6 Rc8 34. Qd7 Qxd7 35. cxd7
Rd8 36. Rd1 Rxd7 37. Rd5 Ra7 38. b3 f5 39. Kc1 Kf7 40. Kd2 Ke6 41. Rb5 f4 42. Kd3
Kf5 43. h4 Rc7 44. Rxa5 Rc3+ 45. Kd2 Rg3 46. Rxg3 fxg3 47. Ke2 Kg4 48. Rd5 Kh3 49.
Kf3 g2 50. Kf2 Kh2 51. Rd1 Bd4+  0-1

[Event "29th 4NCL Congress"]
[Site "Harrogate"]
[Date "2023.01.22"]
[Round "4"]
[Board "16"]
[White "Lampard, Alice"]
[Black "Bak, Christopher"]
[Result "1/2-1/2"]
[WhiteElo "1909"]
[BlackElo "2077"]
[PlyCount "133"]
[EventDate "2023.01.20"]
[EventRounds "5"]
[EventCountry "ENG"]

1. d4 Nf6 2. c4 c5 3. d5 e6 4. Nc3 exd5 5. cxd5 d6 6. Nf3 g6 7. Bf4 a6 8. a4 Bg7
9. h3 O-O 10. e3 Qe7 11. Be2 Nbd7 12. O-O Rb8 13. a5 Ne8 14. Nd2 Nc7 15. Nc4 Ne5
16. Nxe5 Bxe5 17. Bxe5 Qxe5 18. Ra4 f5 19. e4 f4 20. Bg4 h5 21. Bxc8 Rbxc8 22. Qd3
Ne8 23. Rc1 Rf7 24. Rc4 Rfc7 25. Na4 f3 26. Qxf3 Nf6 27. b4 Re8 28. Re1 Nxd5 29.
bxc5 Nf6 30. Qb3 Qe6 31. Re3 Nd7 32. Rec3 dxc5 33. Qc2 Rec8 34. f4 Qf6 35. Qd2 Qe6
36. Qc2 Re8 37. e5 Rf8 38. Rg3 Kh7 39. Qc1 b5 40. axb6 Nxb6 41. Nxb6 Qxb6 42. Qc2
Qe6 43. Kh2 Rcf7 44. Rxc5 Rxf4 45. Rc6 Qf5 46. Qxf5 R4xf5 47. Rgxg6 Rxe5 48. Rxa6
Rb8 49. Rgc6 Rb7 50. Rh6+ Kg7 51. Rag6+ Kf7 52. Rc6 Kg7 53. Rcg6+ Kf7 54. Rh7+ Kxg6
55. Rxb7 h4 56. Rb4 Kh5 57. Kg1 Re2 58. Rb5+ Kg6 59. Kf1 Ra2 60. Re5 Kh6 61. Re2
Ra3 62. Kf2 Kg5 63. Re3 Ra5 64. Re4 Rf5+ 65. Ke3 Ra5 66. Rg4+ Kh5 67. Rd4  1/2-1/2

[Event "29th 4NCL Congress"]
[Site "Harrogate"]
[Date "2023.01.22"]
[Round "4"]
[Board "17"]
[White "Zhu, Yaoyao"]
[Black "Vickery, Jim E"]
[Result "1/2-1/2"]
[WhiteElo "2056"]
[BlackElo "1889"]
[PlyCount "52"]
[EventDate "2023.01.20"]
[EventRounds "5"]
[EventCountry "ENG"]

1. e4 Nf6 2. e5 Nd5 3. d4 d6 4. Nf3 Bg4 5. Be2 c6 6. c4 Nb6 7. Ng5 Bxe2 8. Qxe2 h6
9. Nf3 dxe5 10. dxe5 e6 11. O-O N8d7 12. Nc3 Qc7 13. a4 a5 14. b3 Nc5 15. Ne4 Nxe4
16. Qxe4 Nd7 17. Bb2 Be7 18. Nd4 O-O-O 19. Rfe1 Bc5 20. Bc3 Bxd4 21. Bxd4 c5 22.
Bc3 Nb8 23. Red1 Rxd1+ 24. Rxd1 Rd8 25. Qe2 Rxd1+ 26. Qxd1 Nc6  1/2-1/2

[Event "29th 4NCL Congress"]
[Site "Harrogate"]
[Date "2023.01.22"]
[Round "4"]
[Board "18"]
[White "Doran, Chris"]
[Black "Wynarczyk, Raymond"]
[Result "1-0"]
[WhiteElo "2005"]
[BlackElo "1867"]
[PlyCount "95"]
[EventDate "2023.01.20"]
[EventRounds "5"]
[EventCountry "ENG"]

1. e4 d6 2. d4 Nf6 3. Nc3 Nbd7 4. Nf3 e5 5. Bc4 Be7 6. O-O O-O 7. Re1 c6 8. a4 exd4
9. Nxd4 Ne5 10. Bb3 c5 11. Nf5 Be6 12. Nxe7+ Qxe7 13. Nd5 Bxd5 14. Bxd5 Nxd5 15.
Qxd5 Rad8 16. Bf4 Rd7 17. Rad1 Rfd8 18. Rd2 Qf6 19. Bg3 Qe6 20. b3 Qxd5 21. Rxd5
f6 22. Red1 Kf8 23. f4 Nf7 24. e5 Ke7 25. exf6+ Kxf6 26. Bh4+ g5 27. fxg5+ Kg6 28.
Re1 Ne5 29. Bg3 Nf7 30. Re6+ Kg7 31. Bh4 Rc8 32. Be1 c4 33. Bc3+ Kf8 34. b4 Re8 35.
Bg7+ Kxg7 36. Rxe8 Rc7 37. c3 Rc6 38. Re7 Kg6 39. h4 Ne5 40. Re6+ Kf5 41. Rexd6 Ke4
42. Rxe5+ Kxe5 43. Rxc6 bxc6 44. Kf2 Ke4 45. Ke2 a6 46. a5 Kf4 47. g3+ Kg4 48. Ke3
 1-0

[Event "29th 4NCL Congress"]
[Site "Harrogate"]
[Date "2023.01.22"]
[Round "4"]
[Board "19"]
[White "Kryshtafor, Maksym"]
[Black "Furness, Robert M"]
[Result "1-0"]
[WhiteElo "1737"]
[BlackElo "2056"]
[PlyCount "84"]
[EventDate "2023.01.20"]
[EventRounds "5"]
[EventCountry "ENG"]

1. e4 d6 2. d4 Nf6 3. Nc3 Nbd7 4. Nf3 e5 5. Bc4 Be7 6. Ng5 O-O 7. Be3 c6 8. h3 b5
9. Bd3 h6 10. Nf3 b4 11. Ne2 a5 12. g4 d5 13. dxe5 Nxe4 14. h4 Ndc5 15. Rg1 a4 16.
h5 Ne6 17. Ng3 Nxg3 18. Rxg3 c5 19. Qd2 c4 20. Bf5 c3 21. bxc3 bxc3 22. Qc1 Ng5 23.
Nxg5 hxg5 24. Bd4 Re8 25. Qe3 Be6 26. Rh3 Qc8 27. Qd3 Bc5 28. Bxe6 Rxe6 29. Bxc3
Qc7 30. Qxd5 Rd8 31. Qe4 Rde8 32. Kf1 f6 33. Rd1 fxe5 34. Rb1 Qf7 35. Rf3 Rf6 36.
Rxf6 Qxf6 37. Qd5+ Qe6 38. Rd1 Qxd5 39. Rxd5 Be7 40. Bxe5 Bf6 41. Bxf6 gxf6 42. Rd4
a3  1-0

[Event "29th 4NCL Congress"]
[Site "Harrogate"]
[Date "2023.01.22"]
[Round "4"]
[Board "20"]
[White "Siddharth, Gopakumar"]
[Black "Pyda, Arjun"]
[Result "1-0"]
[WhiteElo "2018"]
[BlackElo "1780"]
[PlyCount "131"]
[EventDate "2023.01.20"]
[EventRounds "5"]
[EventCountry "ENG"]

1. e4 c5 2. c3 Nf6 3. e5 Nd5 4. Nf3 e6 5. Bc4 Nb6 6. Bb3 d5 7. exd6 Bxd6 8. d4 O-O
9. Be3 c4 10. Bc2 N8d7 11. a4 a5 12. Nbd2 Nf6 13. Bg5 Be7 14. Qe2 Qc7 15. Ne5 Bd7
16. Ndxc4 Nbd5 17. Ne3 Nxc3 18. Rc1 Nxe2 19. Bxh7+ Kxh7 20. Rxc7 Nxd4 21. Nxd7 Bb4+
22. Kd1 Nxd7 23. Rxd7 Nb3 24. Ke2 f6 25. Bf4 Nc5 26. Rc7 Rfd8 27. Rd1 Rxd1 28. Nxd1
Nxa4 29. Rxb7 Rc8 30. Rc7 Rxc7 31. Bxc7 Kg6 32. Kd3 Nc5+ 33. Kc4 Ne4 34. Kb5 Nd6+
35. Ka4 Nc4 36. Kb5 Nxb2 37. Nxb2 Be1 38. Nd3 Bd2 39. Bxa5 Bh6 40. Kc4 Kf7 41. Kd4
g6 42. Bb4 Bg7 43. Ke3 Bh6+ 44. Ke2 Bg7 45. f4 Bh6 46. Kf3 g5 47. fxg5 Bxg5 48. g4
Kg6 49. Nf4+ Kf7 50. Ke4 Bh4 51. Bc3 Bg5 52. Nh5 Bh4 53. Bxf6 Be1 54. Bd4 Bb4 55.
Nf4 Bd6 56. h4 Be7 57. g5 Bd8 58. Be5 Be7 59. Kf3 Bd8 60. Kg3 Be7 61. Kg4 Bd8 62.
Kh5 Kg8 63. Kg6 Be7 64. h5 Bd6 65. Bxd6 e5 66. Bxe5  1-0

[Event "29th 4NCL Congress"]
[Site "Harrogate"]
[Date "2023.01.22"]
[Round "4"]
[Board "21"]
[White "Cast, Julian"]
[Black "Riddle, Jim"]
[Result "1-0"]
[WhiteElo "2015"]
[BlackElo "1573"]
[PlyCount "43"]
[EventDate "2023.01.20"]
[EventRounds "5"]
[EventCountry "ENG"]

1. d4 d5 2. Nf3 e6 3. e3 Bd6 4. Bd3 Nf6 5. Nbd2 O-O 6. b3 c5 7. Bb2 Nc6 8. a3 cxd4
9. exd4 Re8 10. Ne5 Nd7 11. Ndf3 Ncxe5 12. dxe5 Bc7 13. h4 Nf8 14. Ng5 Re7 15. Qh5
g6 16. Qh6 Rd7 17. Kf1 d4 18. Re1 Rd5 19. f4 Qe8 20. Ne4 Bd8 21. Nf6+ Bxf6 22. exf6
 1-0

[Event "29th 4NCL Congress"]
[Site "Harrogate"]
[Date "2023.01.22"]
[Round "4"]
[Board "22"]
[White "Rich, Ben S"]
[Black "Gardiner, Eric D"]
[Result "1-0"]
[WhiteElo "1962"]
[BlackElo "2014"]
[PlyCount "65"]
[EventDate "2023.01.20"]
[EventRounds "5"]
[EventCountry "ENG"]

1. a3 d5 2. c4 e6 3. e3 Nf6 4. Nf3 Be7 5. Qc2 O-O 6. b3 c5 7. Bb2 Nc6 8. d3 b6 9.
Nbd2 Bb7 10. Be2 dxc4 11. dxc4 Qc7 12. Ng5 h6 13. h4 Rfd8 14. Bh5 hxg5 15. hxg5 Ne5
16. gxf6 Bxf6 17. Ke2 a6 18. Bf3 Bxf3+ 19. gxf3 Ng6 20. Bxf6 gxf6 21. Ne4 Qe5 22.
f4 Qf5 23. f3 Kg7 24. Qc3 e5 25. Ng3 Qe6 26. f5 Qd6 27. fxg6 fxg6 28. Rad1 Qe6 29.
Rd3 Rh8 30. Rdd1 Rh3 31. Rdg1 Rah8 32. Rxh3 Rxh3 33. Rg2  1-0

[Event "29th 4NCL Congress"]
[Site "Harrogate"]
[Date "2023.01.22"]
[Round "4"]
[Board "23"]
[White "Sheppard, Derek Alan"]
[Black "Stokes, Michael"]
[Result "0-1"]
[WhiteElo "1703"]
[BlackElo "1995"]
[PlyCount "168"]
[EventDate "2023.01.20"]
[EventRounds "5"]
[EventCountry "ENG"]

1. d4 Nf6 2. Bf4 g6 3. e3 Bg7 4. Nf3 d6 5. h3 c5 6. c3 Qb6 7. Qb3 Bd7 8. Nbd2 O-O
9. Be2 Bc6 10. O-O Nbd7 11. Bh2 Rac8 12. Rac1 Rfd8 13. Rfd1 h6 14. Re1 Qxb3 15. Nxb3
Ne4 16. Nbd2 Nxd2 17. Nxd2 e5 18. dxc5 Nxc5 19. Nb3 Na4 20. Rc2 b6 21. Rd1 Rc7 22.
Rcd2 Rcd7 23. Nc1 Nc5 24. f3 h5 25. Bg3 d5 26. Nd3 f6 27. Nb4 Bb7 28. Bb5 Rd6 29.
Kf2 Bh6 30. Nc2 Kf7 31. b4 Ne6 32. Rd3 Ke7 33. a3 g5 34. Bh2 Bg7 35. g4 Rh8 36. Rh1
hxg4 37. hxg4 Nc7 38. Ba4 Ke6 39. Rdd1 f5 40. gxf5+ Kxf5 41. Nd4+ Kf6 42. Nb5 Nxb5
43. Bxb5 a6 44. Be2 Ke7 45. Bg3 Rxh1 46. Rxh1 Rc6 47. Rh7 Kf8 48. Bxe5 Bxe5 49. Rxb7
b5 50. Rd7 Bd6 51. f4 gxf4 52. exf4 Ke8 53. Bg4 Bxf4 54. Rxd5 Rxc3 55. Bd7+ Ke7 56.
Bxb5 axb5 57. Rxb5 Rxa3 58. Rf5 Bd6 59. b5 Ke6 60. Rh5 Rb3 61. Ke2 Kd7 62. Rd5 Kc7
63. Rh5 Rg3 64. Rd5 Rg6 65. Rf5 Kb6 66. Rd5 Bc5 67. Kd3 Rg4 68. Rd7 Kxb5 69. Rb7+
Kc6 70. Rf7 Bd6 71. Rf5 Bc5 72. Rf3 Kb5 73. Rf7 Rg3+ 74. Ke4 Kc4 75. Rf3 Rg1 76.
Kf5 Kd5 77. Rd3+ Bd4 78. Rb3 Rf1+ 79. Kg4 Ke4 80. Rh3 Be5 81. Rb3 Rg1+ 82. Kh5 Kf5
83. Rf3+ Bf4 84. Rh3 Rg8  0-1